| 000 | 00727nam a2200217 a 4500 | ||
|---|---|---|---|
| 001 | 3601 | ||
| 005 | 20140414132034.0 | ||
| 008 | 040603s19uu xx 00 eng d | ||
| 020 | _a0-679-81819-7 | ||
| 050 |
_aTR _bR53 1992 |
||
| 100 | _aDavison, Martine | ||
| 245 |
_aRobby visits the doctor / _cwritten by Martine Davison ; illustrated by Nancy Stevenson. |
||
| 260 |
_aNew York : _bRandom House, _c1992. |
||
| 300 | _a1 v. (unp.) : ill. ; cm. | ||
| 440 | _aan AMA kids book | ||
| 500 | _aTR | ||
| 520 | _aRobby wakes up with a bad earache, but he feels better after going to the doctor and taking several doses of medicine. | ||
| 650 |
_aEarache _xFiction. |
||
| 650 |
_aMedical care _xFiction. |
||
| 999 |
_c113682 _d113682 |
||